000 00545nam a22001457a 4500
005 20241217085228.0
008 241001b |||||||| |||| 00| 0 eng d
082 _2DPer050 M72 January-March 2018 v. 66 no. 8-10
100 _aGenio, Maria Teresa D.
_eauthor.
_961880
245 _aPositive discipline :
_b101 /
_cMaria Teresa D. Genio.
260 _aPhilippines;
_bPublishers Association of the Philippines, Inc.,
_cNovember 2018.
300 _aVolume 66, pages 208-209.
700 _aGenio, Maria Teresa D.
_eauthor.
_961881
942 _2ddc
_cPER
999 _c22046
_d22046